[Event "European Blitz 2022"]
[Site "Katowice POL"]
[Date "2022.12.16"]
[Round "17.39"]
[White "Marn, Jan"]
[Black "Paehtz, Thomas"]
[Result "1/2-1/2"]
[WhiteTitle "FM"]
[BlackTitle "GM"]
[WhiteElo "2332"]
[BlackElo "2339"]
[WhiteFideId "14619245"]
[BlackFideId "4611349"]
[EventDate "2022.12.16"]

1. Nf3 Nf6 2. g3 g6 3. b4 Bg7 4. Bb2 d6 5. Bg2 O-O 6. O-O e5 7. d3 Ng4 8. h3 Nh6
9. Nbd2 f5 10. e4 Nc6 11. a3 Be6 12. c4 Nf7 13. Qc2 Qd7 14. Kh2 h5 15. Nb3 f4
16. d4 exd4 17. Nbxd4 fxg3+ 18. fxg3 Nce5 19. c5 Nxf3+ 20. Nxf3 Ne5 21. Nxe5
dxe5 22. Rad1 Qe7 23. Bc1 Rxf1 24. Rxf1 Rd8 25. Be3 c6 26. Rd1 Rxd1 27. Qxd1 Qd7
28. Qxd7 Bxd7 29. h4 Be6 30. Bg5 Kf7 31. Bh3 Bxh3 32. Kxh3 Ke6 33. Kg2 Bf8 34.
Be3 Be7 35. Kf3 1/2-1/2

[Event "European Blitz 2022"]
[Site "Katowice POL"]
[Date "2022.12.16"]
[Round "17.40"]
[White "Luczak, Filip"]
[Black "Thorfinnsson, Bjorn"]
[Result "0-1"]
[WhiteTitle "FM"]
[BlackTitle "IM"]
[WhiteElo "2326"]
[BlackElo "2374"]
[WhiteFideId "1193686"]
[BlackFideId "2300982"]
[EventDate "2022.12.16"]

1. b3 d5 2. Bb2 c5 3. e3 Nc6 4. Nf3 Bg4 5. h3 Bh5 6. Bb5 a6 7. Bxc6+ bxc6 8. d3
e6 9. Nbd2 f6 10. Nf1 Bd6 11. Qd2 Ne7 12. Ng3 Bf7 13. O-O Qc7 14. Qe1 O-O 15. e4
Ng6 16. Ne2 c4 17. bxc4 dxe4 18. dxe4 e5 19. Qc3 Rfd8 20. Nd2 Qb6 21. Nb3 Bb4
22. Qf3 Bxc4 23. Rfd1 a5 24. a4 Be7 25. Rdb1 Qa6 26. Nc3 Nf4 27. Kh2 Bxb3 28.
cxb3 Rd2 29. Nd1 Qf1 30. Bc3 Re2 31. Rb2 Rxb2 32. Bxb2 Rd8 33. Ne3 Qd3 34. Nc4
Bb4 35. Ba3 Qxf3 36. gxf3 Bxa3 37. Rxa3 Rd3 38. b4 Rxa3 39. Nxa3 axb4 40. Nc4
Ne6 41. Kg2 Kf7 42. Kf1 Ke7 43. Ke2 Kd7 44. Kd3 Nc5+ 45. Kc2 Nxa4 46. Kb3 Nc5+
47. Kxb4 Nd3+ 48. Kc3 Nxf2 49. h4 Nh3 50. Kd3 Nf4+ 51. Kd2 h5 52. Ne3 g5 53.
hxg5 fxg5 54. Ke1 c5 55. Kf2 Kc6 56. Nc4 Ng6 57. Ke3 h4 58. Kf2 Kb5 59. Ne3 c4
60. Nd5 Kc5 61. Ke3 h3 62. Kf2 Kd4 63. Kg3 Nf4 64. Nb4 c3 65. Nc2+ Kd3 66. Nb4+
Kd2 0-1

[Event "European Blitz 2022"]
[Site "Katowice POL"]
[Date "2022.12.16"]
[Round "17.41"]
[White "Jarmula, Lukasz"]
[Black "Vedrickas, Tautvydas"]
[Result "0-1"]
[WhiteTitle "GM"]
[BlackTitle "FM"]
[WhiteElo "2469"]
[BlackElo "2358"]
[WhiteFideId "1160664"]
[BlackFideId "12802654"]
[EventDate "2022.12.16"]

1. e4 g6 2. d4 Bg7 3. Nf3 d6 4. Bd3 Nd7 5. O-O a6 6. a4 b6 7. c4 Bb7 8. Nc3 e6
9. a5 Ne7 10. axb6 cxb6 11. b4 O-O 12. Bb2 Nc6 13. Be2 Nxb4 14. Ba3 a5 15. Rb1
Nf6 16. e5 dxe5 17. Nxe5 Nd7 18. Nf3 Rc8 19. Bxb4 axb4 20. Rxb4 Qe7 21. Ra4 Bc6
22. Ra7 Bxf3 23. Bxf3 Rxc4 24. Nb5 Qb4 25. Be2 Qxb5 26. Bxc4 Qxc4 27. Rxd7 Qc6
28. Ra7 Rd8 29. Qa4 Qxa4 30. Rxa4 Bxd4 31. g3 e5 32. Kg2 Rc8 33. Ra2 Kg7 34. Re2
Rc3 35. f4 f6 36. fxe5 Bxe5 37. Rb1 Rc6 38. Rb5 Kf7 39. g4 g5 40. Ra2 Ke6 41.
Rb3 Kd5 42. Rd2+ Ke6 43. Rh3 Rc4 44. Rxh7 Rxg4+ 45. Kf3 Rf4+ 46. Ke3 Ra4 47. Rb7
Bf4+ 48. Ke2 Bxd2 49. Rxb6+ Kf5 50. Kxd2 Ra2+ 51. Ke3 Rxh2 52. Rb5+ Kg6 53. Kf3
Ra2 54. Rb6 Ra3+ 55. Kg2 Kf5 56. Rb5+ Kg6 57. Rb6 Rd3 58. Ra6 Rd4 59. Rb6 Rf4
60. Ra6 Kh5 61. Ra3 Rb4 62. Rh3+ Kg6 63. Ra3 f5 64. Ra6+ Kh5 65. Ra3 f4 66. Kf3
g4+ 67. Ke2 Rb2+ 68. Kd3 g3 69. Ke4 Kg4 70. Ra8 Rb4+ 71. Kd3 g2 0-1

[Event "European Blitz 2022"]
[Site "Katowice POL"]
[Date "2022.12.16"]
[Round "17.42"]
[White "Cherniaiev, Tykhon"]
[Black "Kastelik, Adrian"]
[Result "1-0"]
[WhiteTitle "FM"]
[WhiteElo "2330"]
[BlackElo "2091"]
[WhiteFideId "14182360"]
[BlackFideId "1134701"]
[EventDate "2022.12.16"]

1. Nf3 d5 2. d4 Nf6 3. c4 c6 4. e3 Bf5 5. Bd3 Bxd3 6. Qxd3 e6 7. O-O Nbd7 8. Nc3
c5 9. cxd5 Nxd5 10. Nxd5 exd5 11. b3 Be7 12. dxc5 Nxc5 13. Qb5+ Qd7 14. Qxd7+
Nxd7 15. Rd1 Bf6 16. Rb1 Nb6 17. Ba3 Be7 18. Bb2 O-O 19. Bd4 Rfd8 20. a4 Nd7 21.
Rbc1 b6 22. Rc7 Bd6 23. Rc6 Nc5 24. Bxc5 bxc5 25. g3 Bf8 26. Ne5 Rab8 27. Ra6
Rxb3 28. Rxa7 f6 29. Nd7 c4 30. Rxd5 Rd3 31. e4 Rxd5 32. exd5 c3 33. Nxf8 Rc8
34. Ne6 c2 35. Rxg7+ Kh8 36. Rf7 c1=Q+ 37. Kg2 Qc3 38. Nf4 Qe5 39. a5 Ra8 40. h4
Kg8 41. Rb7 Qe4+ 42. Kh2 Rxa5 43. Nh5 Qe5 44. Nf4 Ra8 45. h5 Rd8 46. h6 Rf8 47.
Rg7+ Kh8 48. Kg2 Qe8 49. d6 Rf7 50. Nh5 Qe4+ 51. Kh2 Qe8 52. d7 Rxd7 53. Nxf6
Qd8 54. Nxd7 Qh4+ 55. Kg2 Qh3+ 56. Kf3 Qf5+ 57. Ke3 Qe6+ 58. Kd4 Qxh6 59. Rf7
Qd6+ 60. Ke4 Qe6+ 61. Ne5 Kg8 62. Rd7 Qb6 63. f4 h5 64. Kf5 Qh6 65. Rd8+ Kg7 66.
Rd7+ Kf8 67. Ng6+ Kg8 68. Kf6 h4 69. Rd8+ Kh7 70. Rh8# 1-0

[Event "European Blitz 2022"]
[Site "Katowice POL"]
[Date "2022.12.16"]
[Round "17.43"]
[White "Psyk, Radoslaw"]
[Black "Minald, Andrey"]
[Result "1-0"]
[WhiteElo "2438"]
[BlackElo "2091"]
[WhiteFideId "1182838"]
[BlackFideId "13506854"]
[EventDate "2022.12.16"]

1. e4 c5 2. Be2 Nc6 3. d3 e6 4. f4 d5 5. Nf3 b6 6. O-O Bb7 7. c3 Nf6 8. e5 Nd7
9. d4 Be7 10. Be3 O-O 11. a3 Rc8 12. b4 f5 13. Nbd2 Rc7 14. Kh1 a6 15. Rb1 cxd4
16. Bxd4 b5 17. Nb3 Rc8 18. Qe1 Nb6 19. Qf2 Nc4 20. Ra1 Qd7 21. Nc5 Bxc5 22.
Bxc5 Rfd8 23. Nd4 Nxd4 24. Qxd4 Bc6 25. Rf3 Kh8 26. Rh3 Rg8 27. Rd1 g5 28. Rh6
Rg6 29. Rxg6 hxg6 30. fxg5 Qg7 31. Bxc4 bxc4 32. Rf1 Kg8 33. Rf4 Rb8 34. Rh4 Rb7
35. Rh6 Be8 36. Qh4 Qxe5 37. Bd4 Qe2 38. Rh8+ Kf7 39. Qh7# 1-0

[Event "European Blitz 2022"]
[Site "Katowice POL"]
[Date "2022.12.16"]
[Round "17.44"]
[White "Hasterok, Mateusz"]
[Black "Kirk, Ezra"]
[Result "1-0"]
[BlackTitle "IM"]
[WhiteElo "2162"]
[BlackElo "2432"]
[WhiteFideId "21822352"]
[BlackFideId "600067"]
[EventDate "2022.12.16"]

1. d4 Nc6 2. Nf3 d6 3. c4 Nf6 4. Nc3 g6 5. e4 Bg7 6. h3 O-O 7. Be2 Bd7 8. Bg5 e5
9. dxe5 Nxe5 10. Nxe5 dxe5 11. Qd2 c6 12. Rd1 Be6 13. O-O Qb6 14. Be3 Qc7 15.
Bc5 Rfd8 16. Bd6 Qa5 17. b4 Qa3 18. Qc2 Ne8 19. Be7 Rxd1 20. Rxd1 Bf8 21. Bxf8
Kxf8 22. Qb3 Qxb3 23. axb3 Ke7 24. b5 Nc7 25. bxc6 bxc6 26. Ra1 a6 27. Na4 Rb8
28. Nc5 Kd6 29. Ra5 Bc8 30. Bd1 Ne6 31. Nd3 f6 32. b4 Kc7 33. Ra4 Nd4 34. Nc5
Kb6 35. Bg4 Bxg4 36. hxg4 Ra8 37. Nd7+ Kc7 38. Nxf6 h6 39. g5 hxg5 40. Ng4 Kd6
41. Ne3 Ne2+ 42. Kf1 Nc3 43. c5+ Ke6 44. Ra3 Nxe4 45. Nc4 g4 46. Ke2 Kd5 47.
Nb6+ Kd4 48. Rd3# 1-0

[Event "European Blitz 2022"]
[Site "Katowice POL"]
[Date "2022.12.16"]
[Round "17.45"]
[White "Monroy, Charles"]
[Black "Rog, Bartlomiej"]
[Result "1-0"]
[WhiteTitle "IM"]
[WhiteElo "2395"]
[BlackElo "1969"]
[WhiteFideId "621641"]
[BlackFideId "21857377"]
[EventDate "2022.12.16"]

1. Nf3 d5 2. d4 Nf6 3. c4 e6 4. g3 dxc4 5. Bg2 a6 6. O-O Nc6 7. Bg5 Be7 8. e3
Rb8 9. Nbd2 b5 10. Rc1 Nb4 11. Ne5 Bb7 12. Bxb7 Rxb7 13. a3 Nd3 14. Nxd3 cxd3
15. Bxf6 Bxf6 16. Ne4 O-O 17. Qxd3 Be7 18. Rc6 Qd5 19. Rfc1 Rc8 20. Rxa6 c5 21.
Nxc5 Rbc7 22. b4 g6 23. Qxb5 e5 24. Qc4 Qf3 25. Re1 exd4 26. exd4 Rd8 27. Qe2
Qxe2 28. Rxe2 Bf8 29. Rd2 Bg7 30. d5 Bf8 31. Ra5 Rcc8 32. Rb5 Rd6 33. a4 Rcd8
34. a5 Rxd5 35. Rxd5 Rxd5 36. a6 Bxc5 37. Rxc5 1-0

[Event "European Blitz 2022"]
[Site "Katowice POL"]
[Date "2022.12.16"]
[Round "17.46"]
[White "Haydon, David L"]
[Black "Sowinski, Pawel"]
[Result "1-0"]
[WhiteTitle "FM"]
[WhiteElo "2289"]
[BlackElo "2064"]
[WhiteFideId "415405"]
[BlackFideId "21881979"]
[EventDate "2022.12.16"]

1. Nf3 Nf6 2. e3 d5 3. b3 e6 4. Bb2 Be7 5. c4 c5 6. cxd5 exd5 7. Bb5+ Nbd7 8.
Nc3 O-O 9. d4 a6 10. Bd3 b6 11. Rc1 Bb7 12. O-O Re8 13. Na4 Bf8 14. dxc5 bxc5
15. Ba3 Rc8 16. Qd2 Ne4 17. Qe2 c4 18. Bxe4 dxe4 19. Nd4 Bxa3 20. Rxc4 Ne5 21.
Rxc8 Qxc8 22. h3 Bf8 23. Qb2 Nd3 24. Qd2 Bb4 25. Qe2 a5 26. Nb6 Qd8 27. Nc4 Ba6
28. Qg4 Bxc4 29. bxc4 Bc5 30. Nb5 Qc8 31. Qe2 Rd8 32. Rb1 Qc6 33. Nc3 Nb4 34. a3
Nd3 35. Nb5 f5 36. Qd2 Bb6 37. Qc3 Bc7 38. Nd4 Qf6 39. c5 Qe5 40. Qc4+ Kh8 41.
g3 Qxc5 42. Qe6 1-0

[Event "European Blitz 2022"]
[Site "Katowice POL"]
[Date "2022.12.16"]
[Round "17.47"]
[White "Koziorowicz, Michal"]
[Black "Licznerski, Lukasz"]
[Result "0-1"]
[WhiteTitle "FM"]
[BlackTitle "IM"]
[WhiteElo "2348"]
[BlackElo "2441"]
[WhiteFideId "21809194"]
[BlackFideId "1179250"]
[EventDate "2022.12.16"]

1. e4 c6 2. Nc3 d5 3. Nf3 Bg4 4. Be2 Nf6 5. e5 Nfd7 6. d4 Bxf3 7. Bxf3 e6 8. Ne2
c5 9. c3 Nc6 10. O-O Qb6 11. Be3 cxd4 12. Nxd4 Ncxe5 13. Re1 Qd8 14. Bxd5 exd5
15. Bf4 Qf6 16. Bxe5 Nxe5 17. Qa4+ Kd8 18. Qa5+ Kc8 19. Qxd5 Bd6 20. f4 Nd7 21.
Nf5 Bc5+ 22. Kh1 Rd8 23. Rad1 Kc7 24. Ng3 Bb6 25. Ne4 Qc6 26. Qxf7 Re8 27. Ng5 0-1

[Event "European Blitz 2022"]
[Site "Katowice POL"]
[Date "2022.12.16"]
[Round "17.48"]
[White "Stefanova, Antoaneta"]
[Black "Kokol, Peter"]
[Result "0-1"]
[WhiteTitle "GM"]
[BlackTitle "FM"]
[WhiteElo "2442"]
[BlackElo "2347"]
[WhiteFideId "2902257"]
[BlackFideId "14604523"]
[EventDate "2022.12.16"]

1. d4 Nf6 2. Nf3 g6 3. Nc3 d5 4. Bf4 Bg7 5. Nb5 Na6 6. e3 O-O 7. a4 c6 8. Na3
Nc7 9. Be2 Ne4 10. h4 Bg4 11. Ne5 Bxe2 12. Qxe2 Ne6 13. c3 Nxf4 14. exf4 f6 15.
Nd3 e5 16. fxe5 fxe5 17. dxe5 Qb6 18. Rh3 Rae8 19. f4 Bxe5 20. O-O-O Bd6 21. Qc2
Bxa3 22. bxa3 Qa5 23. Kb2 c5 24. Rf3 Re6 25. Nc1 Rb6+ 26. Ka2 Qa6 27. c4 d4 28.
Qxe4 Qxc4+ 29. Ka1 Re6 30. Qd3 Qd5 31. g3 Rfe8 32. Rf2 Re3 33. Qc2 Rxa3+ 34. Kb1
Rxg3 35. Qa2 c4 36. Rfd2 d3 37. Rxd3 Rxd3 38. Nxd3 Qe4 39. Ka1 Kg7 40. Nb2 c3
41. Nd3 Rd8 42. Qc2 Rd4 43. Qxc3 Kh6 44. Kb2 Rxa4 45. Re1 Qg2+ 46. Qc2 Ra2+ 47.
Kxa2 Qxc2+ 48. Nb2 b5 49. Re7 a5 50. Re5 Qc6 51. Kb3 a4+ 52. Ka2 b4 53. Kb1 a3
54. Nd3 Qc3 55. Nc1 Qb2# 0-1

[Event "European Blitz 2022"]
[Site "Katowice POL"]
[Date "2022.12.16"]
[Round "17.49"]
[White "Horvath, Dominik"]
[Black "Przybylski, Wojciech"]
[Result "1-0"]
[WhiteTitle "IM"]
[BlackTitle "FM"]
[WhiteElo "2502"]
[BlackElo "2321"]
[WhiteFideId "1642561"]
[BlackFideId "1117599"]
[EventDate "2022.12.16"]

1. e4 e5 2. Nf3 Nc6 3. Nc3 Nf6 4. a4 Be7 5. a5 a6 6. g3 O-O 7. Bg2 Re8 8. O-O
Bb4 9. Nd5 Bxa5 10. d4 Bb4 11. Nxb4 Nxb4 12. dxe5 Nxe4 13. Qd4 d5 14. Qxb4 c5
15. Qa3 Bf5 16. c3 b5 17. Be3 Rc8 18. Qxa6 b4 19. cxb4 d4 20. Bf4 c4 21. Nh4 g6
22. Nxf5 gxf5 23. Rac1 Re6 24. Qb5 Rb6 25. Qa4 d3 26. b5 Qd5 27. Qd1 Rxb5 28.
Qh5 Qe6 29. Bh3 Qg6 30. Qxf5 Re8 31. Qd7 Rbb8 32. Bf5 Qb6 33. Bxe4 Rbd8 34. Qf5 1-0

[Event "European Blitz 2022"]
[Site "Katowice POL"]
[Date "2022.12.16"]
[Round "17.50"]
[White "Martinez Pla, Xavier"]
[Black "Klenburg, Michael"]
[Result "0-1"]
[WhiteTitle "FM"]
[BlackTitle "IM"]
[WhiteElo "2277"]
[BlackElo "2347"]
[WhiteFideId "32074271"]
[BlackFideId "14102072"]
[EventDate "2022.12.16"]

1. e4 d6 2. d4 Nf6 3. Nc3 g6 4. f4 Bg7 5. Nf3 c5 6. e5 Nfd7 7. Ne4 cxd4 8. exd6
O-O 9. Be2 Nc6 10. O-O Nb6 11. dxe7 Qxe7 12. Bd3 Nd5 13. Re1 Qc7 14. g3 Qb6 15.
Kg2 Bd7 16. a3 Rad8 17. b4 Bc8 18. Bd2 Rfe8 19. Rb1 Bf5 20. Nh4 Ne3+ 21. Bxe3
Bxe4+ 22. Bxe4 dxe3 23. Bd3 Nd4 24. Qg4 Qc6+ 25. Kg1 f5 26. Qh3 Nxc2 27. Bxc2
Qxc2 28. Nf3 Qf2+ 29. Kh1 Qxf3+ 30. Qg2 Qxg2+ 31. Kxg2 Rd2+ 32. Kh3 e2 33. Rb3
Rc2 34. b5 Bc3 0-1

[Event "European Blitz 2022"]
[Site "Katowice POL"]
[Date "2022.12.16"]
[Round "17.51"]
[White "Vardanyan, Aras"]
[Black "Petrovskyi, Vadym"]
[Result "1-0"]
[WhiteTitle "CM"]
[BlackTitle "FM"]
[WhiteElo "2271"]
[BlackElo "2402"]
[WhiteFideId "12808792"]
[BlackFideId "14165210"]
[EventDate "2022.12.16"]

1. c4 e5 2. g3 Nf6 3. Bg2 d5 4. cxd5 Nxd5 5. Nf3 Nc6 6. O-O Be7 7. d4 e4 8. Ne5
Bf5 9. Nxc6 bxc6 10. Nc3 Nxc3 11. bxc3 O-O 12. Qc2 Qd5 13. Be3 Rfe8 14. c4 Qe6
15. Rfd1 Bf6 16. Rab1 Rab8 17. Qa4 Rxb1 18. Rxb1 Rd8 19. Rd1 h6 20. h4 Bg4 21.
Rd2 h5 22. Kh2 Bf5 23. Qa5 Qxc4 24. Qxf5 c5 25. Qxe4 cxd4 26. Bg5 Bxg5 27. hxg5
g6 28. e3 c5 29. exd4 cxd4 30. Qd3 Qc5 31. f4 Qd6 32. Qe4 Qc5 33. Bf1 Qc3 34.
Rc2 Qa5 35. Bc4 Qb6 36. Rd2 Qd6 37. Bb3 Kf8 38. Qe5 Qxe5 39. fxe5 Ke7 40. Kg2 d3
41. Kf3 Rd4 42. Ke3 Rg4 43. Rxd3 Rxg3+ 44. Ke4 Rxg5 45. Rc3 Rg4+ 46. Kf3 Kf8 1-0

[Event "European Blitz 2022"]
[Site "Katowice POL"]
[Date "2022.12.16"]
[Round "17.52"]
[White "Rudzinska, Michalina"]
[Black "Gretarsson, Helgi Ass"]
[Result "1/2-1/2"]
[WhiteTitle "WFM"]
[BlackTitle "GM"]
[WhiteElo "2256"]
[BlackElo "2451"]
[WhiteFideId "1172883"]
[BlackFideId "2300699"]
[EventDate "2022.12.16"]

1. e4 d6 2. d4 Nf6 3. Nc3 Nbd7 4. Nf3 e5 5. Bc4 Be7 6. O-O c6 7. a4 Qc7 8. Re1
h6 9. a5 Nf8 10. h3 g5 11. Nh2 Rg8 12. Ng4 Bxg4 13. hxg4 exd4 14. Ne2 Nxg4 15.
Nxd4 Ne5 16. Bb3 g4 17. Nf5 h5 18. Bf4 Nfg6 19. Bxe5 dxe5 20. Qe2 h4 21. Qxg4
Rh8 22. Ng7+ Kf8 23. Ne6+ fxe6 24. Qxg6 Bd8 25. Qxe6 Qe7 26. Qf5+ Qf6 27. Qd7
Qe7 28. Qg4 Qf6 29. Re3 Qg5 30. Rf3+ Kg7 31. Rf7+ Kg6 32. Qe6+ Bf6 33. Qh3 b6
34. Rd1 Rad8 35. Rdd7 Rxd7 36. Rxd7 Qc1+ 37. Kh2 Qf4+ 38. Kg1 Qc1+ 39. Kh2 Qf4+
40. Kg1 Qc1+ 41. Kh2 1/2-1/2

[Event "European Blitz 2022"]
[Site "Katowice POL"]
[Date "2022.12.16"]
[Round "17.53"]
[White "Budrewicz, Krzysztof"]
[Black "Kuzmicz, Krystian"]
[Result "1-0"]
[BlackTitle "IM"]
[WhiteElo "2184"]
[BlackElo "2466"]
[WhiteFideId "1127950"]
[BlackFideId "1119125"]
[EventDate "2022.12.16"]

1. d4 Nf6 2. c4 d6 3. Nc3 Bf5 4. Nf3 h6 5. g3 c6 6. Bg2 Nbd7 7. O-O e5 8. h3 Be7
9. Be3 O-O 10. Qb3 Qc7 11. Rac1 Rfe8 12. Rfd1 Be6 13. d5 Bf5 14. dxc6 bxc6 15.
Qa4 Nb6 16. Qa5 Rec8 17. b3 Rab8 18. c5 dxc5 19. Bxc5 Bxc5 20. Qxc5 Nbd7 21. Qd6
Qa5 22. Na4 Be4 23. Qd2 Qxd2 24. Nxd2 Bxg2 25. Kxg2 Nb6 26. Nc5 Rd8 27. Nf3 e4
28. Ne5 Rd5 29. Nxc6 Re8 30. Rxd5 Nbxd5 31. a4 e3 32. f3 Ra8 33. Na6 g5 34. Rc4
h5 35. Ncb4 h4 36. Nxd5 Nxd5 37. Nc7 Nxc7 38. Rxc7 Rb8 39. Rc3 Re8 40. gxh4 gxh4
41. f4 f5 42. Kf3 Kf7 43. Rxe3 Rb8 44. Rc3 Ke6 45. e4 Rg8 46. exf5+ Kxf5 47.
Rc5+ Ke6 48. Rg5 Rc8 49. Kg4 Rc3 50. Rb5 a6 51. Rb8 Kd5 52. Kxh4 Ke4 53. Kg4 Rc1
54. Re8+ Kd5 55. h4 Rb1 56. Rb8 Ke4 57. Rb4+ Kd5 58. h5 Ke6 59. h6 Kf6 60. Rb6+
Kf7 61. Kf5 Rh1 62. Rb7+ Kg8 63. h7+ Kh8 64. a5 Rh5+ 65. Ke6 Rh6+ 66. Kd5 Rd6+
67. Kc5 Rc6+ 68. Kb4 Rc4+ 69. Ka3 Ra4+ 70. Kb2 Ra2+ 71. Kc3 Rc2+ 72. Kd4 Rd2+
73. Kc5 Rc2+ 74. Kb6 Rc6+ 75. Ka7 Rf6 76. Rb6 1-0

[Event "European Blitz 2022"]
[Site "Katowice POL"]
[Date "2022.12.16"]
[Round "17.54"]
[White "Cramling, Pia"]
[Black "Dehtiarov, Roman"]
[Result "1/2-1/2"]
[WhiteTitle "GM"]
[BlackTitle "FM"]
[WhiteElo "2463"]
[BlackElo "2300"]
[WhiteFideId "1700030"]
[BlackFideId "14186640"]
[EventDate "2022.12.16"]

1. Nf3 Nf6 2. c4 c5 3. Nc3 Nc6 4. g3 e5 5. Bg2 g6 6. d3 Bg7 7. Nd2 O-O 8. Nf1 d6
9. Ne3 h6 10. O-O Kh7 11. Rb1 Be6 12. a3 a5 13. Ned5 Bxd5 14. Nxd5 Nxd5 15. Bxd5
Qc7 16. Bd2 Rab8 17. b4 axb4 18. axb4 cxb4 19. Bxb4 Nxb4 20. Rxb4 f5 21. Qb3 f4
22. Rb1 b6 23. Rxb6 Rxb6 24. Qxb6 Qe7 25. Bf3 h5 26. Qc6 Qf6 27. Rb6 fxg3 28.
hxg3 Rd8 29. c5 h4 30. cxd6 hxg3 31. fxg3 Qg5 32. d7 Qxg3+ 33. Kf1 Qh3+ 34. Ke1
Qg3+ 35. Kd1 Qg1+ 36. Kc2 Rxd7 37. Be4 Ra7 38. Qxg6+ Qxg6 39. Bxg6+ Kh6 40. Be4+
Kg5 41. Rg6+ Kf4 42. Kb3 Ke3 43. Rg2 Bh6 44. Kc4 Bf4 45. Bf3 Ra4+ 46. Kd5 Rd4+
47. Ke6 Rb4 48. Kf5 Rb8 49. Rg6 Rf8+ 50. Ke6 Re8+ 51. Kd7 Rb8 52. Ke6 Rb6+ 53.
Kf7 Rxg6 54. Kxg6 1/2-1/2

[Event "European Blitz 2022"]
[Site "Katowice POL"]
[Date "2022.12.16"]
[Round "17.55"]
[White "Morgunov, Marc"]
[Black "Kovalevsky, Stanislav"]
[Result "1-0"]
[WhiteTitle "FM"]
[BlackTitle "FM"]
[WhiteElo "2402"]
[BlackElo "2237"]
[WhiteFideId "1640305"]
[BlackFideId "13508598"]
[EventDate "2022.12.16"]

1. e4 e6 2. d4 d5 3. Nd2 dxe4 4. Nxe4 Nf6 5. Bd3 Bd7 6. Nf3 Bc6 7. Ng3 Nbd7 8.
O-O Bd6 9. c4 O-O 10. b3 a5 11. Re1 Bb4 12. Re2 Bxf3 13. gxf3 Bc3 14. Rb1 Bxd4
15. Bxh7+ Nxh7 16. Qxd4 Nb6 17. Bb2 Qxd4 18. Bxd4 Rfd8 19. Rd2 Rd7 20. Rbd1 Rad8
21. Ne4 e5 22. Bxe5 Rxd2 23. Rxd2 Rxd2 24. Nxd2 Na8 25. Ne4 f6 26. Bc3 a4 27.
bxa4 Nb6 28. Nc5 Ng5 29. Kg2 Kf7 30. a5 Nxc4 31. Nxb7 Ne6 32. a6 Ke7 33. a7 Nb6
34. a4 Kd7 35. a5 Na8 36. a6 Kc6 37. Ba5 Kb5 38. Bc3 Kxa6 39. Na5 Kxa7 40. Kg3
Kb6 41. Kg4 Kb5 42. h4 Nb6 43. Kf5 Nf8 44. h5 Nd5 45. Bd2 c5 46. Nb3 Kc4 47. Nc1
Kd4 48. Nb3+ Kd3 49. h6 Ne7+ 50. Kg4 Kc2 51. hxg7 Ne6 52. Nxc5 Nxc5 53. Bb4 Ne6
54. Bxe7 Nxg7 55. Bxf6 Ne8 56. Be5 Kd3 57. f4 Ke4 58. f3+ Kd5 59. Kf5 Kc6 60.
Ke6 1-0

[Event "European Blitz 2022"]
[Site "Katowice POL"]
[Date "2022.12.16"]
[Round "17.56"]
[White "Kowalski, Igor"]
[Black "Varvadoukas, Theodoros"]
[Result "1-0"]
[WhiteTitle "IM"]
[WhiteElo "2344"]
[BlackElo "2109"]
[WhiteFideId "1172468"]
[BlackFideId "4210735"]
[EventDate "2022.12.16"]

1. d4 Nf6 2. Nf3 g6 3. Nc3 d5 4. Bf4 Bg7 5. e3 O-O 6. Be2 c5 7. O-O cxd4 8. exd4
Nc6 9. Ne5 Qb6 10. Nxc6 bxc6 11. Na4 Qa5 12. c3 Ba6 13. Re1 Bxe2 14. Rxe2 e6 15.
Nc5 Qd8 16. Qa4 Qc8 17. b4 Nd7 18. Rb1 Nb6 19. Qb3 Nc4 20. a4 Re8 21. Rbe1 h6
22. a5 g5 23. Bg3 Qd8 24. f4 h5 25. f5 h4 26. fxe6 fxe6 27. Nxe6 Rxe6 28. Rxe6
hxg3 29. hxg3 Qf8 30. Rxc6 Rd8 31. Rc7 Nd2 32. Qd1 Ne4 33. Qf3 Qd6 34. Qf7+ 1-0

[Event "European Blitz 2022"]
[Site "Katowice POL"]
[Date "2022.12.16"]
[Round "17.57"]
[White "Chyzy, Jakub"]
[Black "Novotny, Michal"]
[Result "1/2-1/2"]
[WhiteTitle "FM"]
[BlackTitle "FM"]
[WhiteElo "2247"]
[BlackElo "2250"]
[WhiteFideId "21806209"]
[BlackFideId "310980"]
[EventDate "2022.12.16"]

1. e4 e6 2. d4 d5 3. e5 c5 4. c3 Nc6 5. Nf3 Bd7 6. Bd3 cxd4 7. cxd4 Qb6 8. O-O
Nxd4 9. Nbd2 Nxf3+ 10. Nxf3 Ne7 11. Be3 Qa5 12. b4 Qa4 13. Bc2 Qa3 14. Qe2 Nc6
15. b5 Na5 16. Bd3 Be7 17. Rac1 Rc8 18. Rxc8+ Bxc8 19. Bxa7 O-O 20. Be3 Bd7 21.
Rc1 Nc4 22. Bxc4 dxc4 23. Qxc4 Rc8 24. Qxc8+ Bxc8 25. Rxc8+ Bf8 26. h4 h6 27.
Bc5 Qxc5 28. Rxc5 Bxc5 29. a4 Kf8 30. h5 Ke7 31. Kf1 Kd7 32. Ke2 Kc7 33. Ke1 Kb6
34. Nd2 Ka5 35. Ne4 Bb4+ 36. Ke2 Kxa4 37. Nd6 b6 38. Nxf7 Kxb5 39. Nd8 Kc4 40.
Nxe6 Bc3 41. f4 b5 42. Kd1 b4 43. Kc2 b3+ 44. Kb1 Kd5 45. Nxg7 Ke4 46. e6 Bf6
47. g3 Kd5 48. f5 Ke5 49. Ne8 Kxf5 50. Nxf6 Kxf6 51. Kb2 Kxe6 52. Kxb3 Kf5 53.
Kc3 Kg4 54. Kd3 Kxg3 55. Ke3 Kg4 56. Kf2 1/2-1/2

[Event "European Blitz 2022"]
[Site "Katowice POL"]
[Date "2022.12.16"]
[Round "17.58"]
[White "Fus, Jakub"]
[Black "Tymrakiewicz, Rafal"]
[Result "1-0"]
[WhiteTitle "FM"]
[BlackTitle "FM"]
[WhiteElo "2405"]
[BlackElo "2138"]
[WhiteFideId "1193023"]
[BlackFideId "1108832"]
[EventDate "2022.12.16"]

1. Nf3 Nf6 2. g3 d5 3. Bg2 c6 4. O-O Bg4 5. d4 Nbd7 6. Nbd2 e6 7. Re1 Be7 8. e4
dxe4 9. Nxe4 Nxe4 10. Rxe4 Nf6 11. Re1 O-O 12. c3 Qb6 13. Qb3 Qxb3 14. axb3 Rfd8
15. Ne5 Bf5 16. b4 Nd7 17. Nc4 Nb6 18. Na5 Rab8 19. b5 cxb5 20. Bf4 Bd6 21. Nxb7
Bxf4 22. Nxd8 Bd2 23. Nc6 1-0

[Event "European Blitz 2022"]
[Site "Katowice POL"]
[Date "2022.12.16"]
[Round "17.59"]
[White "Karpus, Michal"]
[Black "Voege, Tobias"]
[Result "1-0"]
[WhiteTitle "FM"]
[BlackTitle "FM"]
[WhiteElo "2212"]
[BlackElo "2300"]
[WhiteFideId "1174088"]
[BlackFideId "1270513"]
[EventDate "2022.12.16"]

1. e4 e6 2. d4 d5 3. Nd2 Nf6 4. e5 Nfd7 5. Bd3 c5 6. c3 Nc6 7. Ne2 cxd4 8. cxd4
f6 9. exf6 Nxf6 10. O-O Bd6 11. Nf3 O-O 12. Nc3 e5 13. dxe5 Nxe5 14. Be2 Be6 15.
Nd4 Bf7 16. Bg5 h6 17. Bh4 Ng6 18. Bg3 Bxg3 19. hxg3 Qb6 20. Na4 Qd6 21. Rc1
Rfc8 22. Qb3 b6 23. Ba6 Rxc1 24. Rxc1 Ne4 25. Rc6 Qe7 26. Rxg6 Nc5 27. Rxg7+
Kxg7 28. Nf5+ Kf8 29. Qc3 Qg5 30. Qh8+ Bg8 31. Nxc5 bxc5 32. Qe5 Rd8 33. Bb5 Bf7
34. f4 Qg4 35. Qe7+ Kg8 36. Nxh6+ 1-0